00871 a2200181 45000010006000000050017000060080041000230030015000640400040000790800068001192450091001872640057002783000022003355050168003570410008005251000073005337000083006064251720260407155714.0260407a1975 arg spa dAR-UNSa-BCEJYS aAR-UNSa-BCEJYSbspacAR-UNSa-BCEJYS a336.1xFinanzas Públicas. Finanzas del gobierno en general 10aTrabajos de investigación presentados en las octavas jornadas de finanzas públicas 1aCórdoba :bUniversidad Nacional de Córdobac1975 apag. var.c22 cm. a1. Problema de la implantación del I.V.A. - 2. Evaluación de la gestión del sector público en el primer año del plan trienal - 3. Empresas del Estado -  aspa1 aUniversidad Nacional de Córdoba. Facultad de Ciencias Económicas1 aJornadas de Finanzas Públicas (8º : 1975 ago. 27-30 : Córdoba, Argentina)